साहित्य का नया परिप्रेक्ष्य (Record no. 117196)

MARC details
000 -LEADER
fixed length control field 00826nam a2200265Ia 4500
003 - CONTROL NUMBER IDENTIFIER
control field OSt
005 - DATE AND TIME OF LATEST TRANSACTION
control field 20220918111921.0
008 - FIXED-LENGTH DATA ELEMENTS--GENERAL INFORMATION
fixed length control field 220915b |||||||| |||| 00| 0 hin d
037 ## - SOURCE OF ACQUISITION
Terms of availability Textbook
040 ## - CATALOGING SOURCE
Language of cataloging hin
Original cataloging agency ARTS
Transcribing agency ARTS
041 ## - LANGUAGE CODE
Language code of text/sound track or separate title hin
100 ## - MAIN ENTRY--PERSONAL NAME
Personal name रघुवंश
245 #0 - TITLE STATEMENT
Title साहित्य का नया परिप्रेक्ष्य
246 ## - VARYING FORM OF TITLE
Title proper/short title Sāhitya kā nayā pariprekṣhya
260 ## - PUBLICATION, DISTRIBUTION, ETC.
Date of publication, distribution, etc. 1963
490 ## - SERIES STATEMENT
Series statement ज्ञानपीठ लोकोदय ग्रंथमाला
500 ## - GENERAL NOTE
General note हिन्दी; 174
650 ## - SUBJECT ADDED ENTRY--TOPICAL TERM
Topical term or geographic name entry element हिन्दी साहित्य
942 ## - ADDED ENTRY ELEMENTS (KOHA)
Classification part O152,6N213x, K3
Koha item type Textbook
Source of classification or shelving scheme Colon Classification (CC)

No items available.

Copyright @ Delhi University Library System